000 00318nam a22001337a 4500
008 170213b xxu||||| |||| 00| 0 eng d
020 _a9780176416102
041 _aeng
080 _23RD
_a61
100 _a4
101 _aSHM
245 _aMANAGEMENT OF OCCUPATIONAL HEALTH AND SAFETY
_cKELLOWAY, E.K
942 _2udc
_cBK
999 _c5263
_d5263